[Event "Hastings Centenary Masters"]
[Site "Hastings"]
[Date "1995.08.21"]
[Round "3"]
[White "Wood, David A"]
[Black "Mah, Karl CC"]
[Result "1-0"]
[WhiteElo "2285"]
[BlackElo "2200"]
[PlyCount "47"]
[EventDate "1995.08.20"]
[EventType "swiss"]
[EventRounds "9"]
[EventCountry "ENG"]
[SourceTitle "BritBase"]
[Source "John Saunders"]
[SourceDate "2023.06.01"]
[SourceVersion "1"]
[SourceVersionDate "2023.06.01"]
[SourceQuality "1"]

1. e4 c5 2. Nf3 d6 3. d4 cxd4 4. Nxd4 Nf6 5. Nc3 g6 6. Be3 Bg7 7. f3 O-O 8. Qd2
Nc6 9. Bc4 Bd7 10. h4 Ne5 11. Bb3 Qa5 12. O-O-O Rfc8 13. Kb1 Nc4 14. Bxc4 Rxc4
15. Nb3 Qc7 16. Bd4 Be6 17. h5 a5 18. hxg6 hxg6 19. a4 Rb4 20. Rh4 Bc4 21. Rdh1
e6 22. Rh8+ Bxh8 23. Rxh8+ Kxh8 24. Qh6+ 1-0

[Event "Hastings Centenary Masters"]
[Site "Hastings"]
[Date "1995.08.22"]
[Round "4"]
[White "Bouchaud, Vincent"]
[Black "Kennaugh, Charles W"]
[Result "1-0"]
[WhiteElo "2180"]
[BlackElo "2310"]
[PlyCount "117"]
[EventDate "1995.08.20"]
[EventType "swiss"]
[EventRounds "9"]
[EventCountry "ENG"]
[SourceTitle "BritBase"]
[Source "John Saunders"]
[SourceDate "2023.06.01"]
[SourceVersion "1"]
[SourceVersionDate "2023.06.01"]
[SourceQuality "1"]

1. e4 e5 2. Nf3 Nc6 3. Bb5 a6 4. Ba4 Nf6 5. O-O b5 6. Bb3 Be7 7. a4 Rb8 8. axb5
axb5 9. c3 Nxe4 10. Bd5 Nf6 11. Bxc6 dxc6 12. Nxe5 Qd6 13. Re1 Bf5 14. Ra6 O-O
15. c4 bxc4 16. Nc3 Qc5 17. Rxc6 Qa7 18. Qf3 Be6 19. Rxe6 fxe6 20. Nc6 Qc5 21.
Nxb8 Rxb8 22. Rxe6 Bd6 23. Ne4 Nxe4 24. Qxe4 Rf8 25. Qe2 Qf5 26. Re3 Qf4 27. g3
Qd4 28. Kg2 Bc5 29. f3 Rf6 30. Qf1 Bb6 31. Re4 Qd3 32. Qxd3 cxd3 33. b4 Rc6 34.
Bb2 Rc2 35. Bc3 Kf7 36. Re1 g5 37. h3 h5 38. g4 h4 39. f4 gxf4 40. Kf3 Be3 41.
Rd1 Ke6 42. Ke4 Bf2 43. Kxd3 Ra2 44. Ra1 Rxa1 45. Bxa1 f3 46. Ke4 Be1 47. Kxf3
Bxd2 48. b5 Bh6 49. Ke4 Bg5 50. Be5 Bd8 51. Bh2 Kd7 52. Kd5 Bg5 53. Be5 Be7 54.
Bf4 Bf6 55. g5 Bd8 56. g6 Ke8 57. Ke6 Kf8 58. Bh6+ Kg8 59. Kd7 1-0

[Event "Hastings Centenary Masters"]
[Site "Hastings"]
[Date "1995.08.22"]
[Round "4"]
[White "Buckley, Graeme N"]
[Black "Stuart, E Leslie"]
[Result "1-0"]
[WhiteElo "2355"]
[BlackElo "2080"]
[PlyCount "65"]
[EventDate "1995.08.20"]
[EventType "swiss"]
[EventRounds "9"]
[EventCountry "ENG"]
[SourceTitle "BritBase"]
[Source "John Saunders"]
[SourceDate "2023.06.01"]
[SourceVersion "1"]
[SourceVersionDate "2023.06.01"]
[SourceQuality "1"]

1. g3 e5 2. Bg2 d5 3. d3 Be6 4. Nd2 Qd7 5. c3 f6 6. Qc2 Nh6 7. Ngf3 Nf7 8. O-O
Nc6 9. b4 Bd6 10. a3 Ne7 11. c4 c6 12. e4 O-O 13. Bb2 Rfc8 14. d4 Ng6 15. Rfe1
a5 16. c5 dxe4 17. Nxe4 Bc7 18. Rad1 Bd5 19. dxe5 Nfxe5 20. Nxe5 Bxe5 21. Bxe5
Nxe5 22. Nc3 axb4 23. axb4 Bxg2 24. Kxg2 Qg4 25. Qb3+ Kf8 26. Ne4 h5 27. Nd6
Rc7 28. h3 Qg6 29. f4 Nf7 30. Qe6 Ne5 31. Rxe5 Ra2+ 32. Qxa2 fxe5 33. fxe5 1-0

[Event "Hastings Centenary Masters"]
[Site "Hastings"]
[Date "1995.08.22"]
[Round "4"]
[White "Costello, Colin A"]
[Black "Duncan, Christopher R"]
[Result "0-1"]
[WhiteElo "2115"]
[BlackElo "2315"]
[PlyCount "76"]
[EventDate "1995.08.20"]
[EventType "swiss"]
[EventRounds "9"]
[EventCountry "ENG"]
[SourceTitle "BritBase"]
[Source "John Saunders"]
[SourceDate "2023.06.01"]
[SourceVersion "1"]
[SourceVersionDate "2023.06.01"]
[SourceQuality "1"]

1. c4 e5 2. Nc3 d6 3. g3 g6 4. Bg2 Bg7 5. Nf3 f5 6. d3 Nf6 7. O-O O-O 8. Rb1 a5
9. a3 h6 10. b4 axb4 11. axb4 g5 12. Bb2 Qe8 13. Ra1 Rxa1 14. Qxa1 f4 15. Qa5
Qf7 16. b5 Bg4 17. Qa7 b6 18. Ba3 Rc8 19. Qb7 Qe8 20. Nd5 Nxd5 21. Qxd5+ Be6
22. Qb7 Nd7 23. Nd2 Nf8 24. Ne4 Qh5 25. Nc3 Kh8 26. Re1 Nh7 27. Nd5 Qf7 28. Bb2
g4 29. gxf4 exf4 30. Bxg7+ Kxg7 31. Bf1 Ng5 32. Kh1 Kh8 33. Ra1 g3 34. fxg3
fxg3 35. Bg2 Qh5 36. h3 Bxh3 37. Nf4 Bxg2+ 38. Kxg2 Qh2+ 0-1

[Event "Hastings Centenary Masters"]
[Site "Hastings"]
[Date "1995.08.22"]
[Round "4"]
[White "Dive, Russell John"]
[Black "Gunter, David WW"]
[Result "1-0"]
[WhiteElo "2315"]
[BlackElo "2130"]
[PlyCount "77"]
[EventDate "1995.08.20"]
[EventType "swiss"]
[EventRounds "9"]
[EventCountry "ENG"]
[SourceTitle "BritBase"]
[Source "John Saunders"]
[SourceDate "2023.06.01"]
[SourceVersion "1"]
[SourceVersionDate "2023.06.01"]
[SourceQuality "1"]

1. d4 e6 2. c4 Nf6 3. Nc3 Bb4 4. Qc2 O-O 5. a3 Bxc3+ 6. Qxc3 b5 7. cxb5 c6 8.
Bg5 cxb5 9. e3 Bb7 10. Nf3 Nc6 11. Bxb5 Rc8 12. Qd2 Qb6 13. Bxc6 Rxc6 14. Bxf6
Rfc8 15. O-O gxf6 16. Rfc1 Qc7 17. Rxc6 Qxc6 18. Ne1 Ba6 19. h3 Kh8 20. Qb4 d6
21. Rd1 Qd5 22. Qd2 Qc4 23. Kh2 Bb7 24. Nd3 Qc6 25. f3 Rg8 26. Rc1 Qd5 27. Rc7
Ba8 28. Rxa7 Qb5 29. e4 Bb7 30. Ra5 Qc4 31. Qc3 Qa2 32. Ra7 Qb1 33. Rxb7 Qf1
34. Qd2 Rc8 35. Rxf7 Kg8 36. Rxf6 Rc7 37. Rxe6 Rg7 38. Rxd6 h5 39. Rh6 1-0

[Event "Hastings Centenary Masters"]
[Site "Hastings"]
[Date "1995.08.22"]
[Round "4"]
[White "Dunnington, Angus J"]
[Black "Rashkovsky, Nukhim N"]
[Result "1/2-1/2"]
[WhiteElo "2385"]
[BlackElo "2560"]
[PlyCount "40"]
[EventDate "1995.08.20"]
[EventType "swiss"]
[EventRounds "9"]
[EventCountry "ENG"]
[SourceTitle "BritBase"]
[Source "John Saunders"]
[SourceDate "2023.06.01"]
[SourceVersion "1"]
[SourceVersionDate "2023.06.01"]
[SourceQuality "1"]

1. d4 c5 2. d5 e5 3. e4 d6 4. Nc3 a6 5. a4 Be7 6. g3 Bg5 7. Bxg5 Qxg5 8. Qd2
Qd8 9. h4 Nf6 10. Bh3 Nbd7 11. Nge2 Rb8 12. g4 Nf8 13. f3 h5 14. g5 N6d7 15.
Nd1 g6 16. Ne3 f6 17. Nc4 Nb6 18. Nxb6 Bxh3 19. Rxh3 Qxb6 20. O-O-O Qb4 1/2-1/2

[Event "Hastings Centenary Masters"]
[Site "Hastings"]
[Date "1995.08.22"]
[Round "4"]
[White "Emms, John M"]
[Black "Malaniuk, Vladimir P"]
[Result "1/2-1/2"]
[WhiteElo "2485"]
[BlackElo "2580"]
[PlyCount "41"]
[EventDate "1995.08.20"]
[EventType "swiss"]
[EventRounds "9"]
[EventCountry "ENG"]
[SourceTitle "BritBase"]
[Source "John Saunders"]
[SourceDate "2023.06.01"]
[SourceVersion "1"]
[SourceVersionDate "2023.06.01"]
[SourceQuality "1"]

1. e4 e5 2. Nf3 Nc6 3. Bb5 a6 4. Ba4 Nf6 5. O-O b5 6. Bb3 Bc5 7. a4 Bb7 8. d3
O-O 9. Nc3 Na5 10. axb5 Nxb3 11. cxb3 axb5 12. Rxa8 Bxa8 13. Nxe5 d5 14. Ng4
dxe4 15. Nxf6+ Qxf6 16. dxe4 Rd8 17. Qh5 Qe7 18. Qf3 Qe6 19. Qh5 Qe7 20. Qf3
Qe6 21. Qh5 1/2-1/2

[Event "Hastings Centenary Masters"]
[Site "Hastings"]
[Date "1995.08.22"]
[Round "4"]
[White "Hebden, Mark L"]
[Black "Arkell, Keith C"]
[Result "1-0"]
[WhiteElo "2570"]
[BlackElo "2505"]
[PlyCount "89"]
[EventDate "1995.08.20"]
[EventType "swiss"]
[EventRounds "9"]
[EventCountry "ENG"]
[SourceTitle "BritBase"]
[Source "John Saunders"]
[SourceDate "2023.06.01"]
[SourceVersion "1"]
[SourceVersionDate "2023.06.01"]
[SourceQuality "1"]

1. e4 c6 2. d4 d5 3. exd5 cxd5 4. c4 Nf6 5. Nc3 e6 6. Nf3 Bb4 7. cxd5 Nxd5 8.
Bd2 Nc6 9. Bd3 O-O 10. O-O Be7 11. Qe2 Bf6 12. Rad1 b6 13. Qe4 g6 14. Bh6 Bg7
15. Bxg7 Kxg7 16. Nxd5 Qxd5 17. Qxd5 exd5 18. Bb5 Bb7 19. Rfe1 Kf6 20. g4 h6
21. h4 Rfe8 22. Bxc6 Bxc6 23. Ne5 Bb7 24. Re3 Kg7 25. g5 hxg5 26. hxg5 Rac8 27.
Ra3 a5 28. Rdd3 Rc1+ 29. Kg2 Re7 30. Rd2 Ba6 31. Re3 Rec7 32. Ng4 Ra1 33. Nf6
Rcc1 34. Kg3 Rh1 35. f3 Rh8 36. Re8 Rxe8 37. Nxe8+ Kf8 38. Nc7 Bb7 39. Re2 Rc1
40. Ne8 Bc6 41. Nf6 Rc4 42. b3 Rxd4 43. Rc2 Bb5 44. a4 Bf1 45. Rc1 1-0

[Event "Hastings Centenary Masters"]
[Site "Hastings"]
[Date "1995.08.22"]
[Round "4"]
[White "Hunt, Harriet"]
[Black "Taylor, Peter P"]
[Result "1/2-1/2"]
[WhiteElo "2385"]
[BlackElo "2205"]
[PlyCount "274"]
[EventDate "1995.08.20"]
[EventType "swiss"]
[EventRounds "9"]
[EventCountry "ENG"]
[SourceTitle "BritBase"]
[Source "John Saunders"]
[SourceDate "2023.06.01"]
[SourceVersion "1"]
[SourceVersionDate "2023.06.01"]
[SourceQuality "1"]

1. e4 c5 2. Nf3 d6 3. d4 cxd4 4. Nxd4 Nf6 5. Nc3 a6 6. f4 Qc7 7. Be2 g6 8. O-O
Bg7 9. Kh1 Nbd7 10. a4 b6 11. Bf3 Bb7 12. Re1 O-O 13. Nd5 Nxd5 14. exd5 Nf6 15.
Ne2 b5 16. f5 Rac8 17. c3 Rfe8 18. Be3 bxa4 19. Rxa4 e6 20. fxe6 fxe6 21. dxe6
Bxf3 22. gxf3 Rxe6 23. Nd4 Re5 24. Bf4 Rxe1+ 25. Qxe1 Re8 26. Qf1 Nh5 27. Bd2
a5 28. Qd3 Qd7 29. Rxa5 Qh3 30. Rg5 Ra8 31. Nc2 Rf8 32. Ne1 Be5 33. Rg2 Nf4 34.
Bxf4 Rxf4 35. Kg1 Rh4 36. Qe2 Qd7 37. Nd3 Qa7+ 38. Kh1 Rh5 39. f4 Qa1+ 40. Rg1
Qa8+ 41. Qg2 Qxg2+ 42. Kxg2 Bf6 43. Re1 Kf7 44. Re2 Rd5 45. Nf2 Rf5 46. Kg3 g5
47. fxg5 Rxg5+ 48. Kf3 Rf5+ 49. Ke4 Rg5 50. Nd3 Ke6 51. Kf4+ Kd7 52. c4 Rh5 53.
Rc2 Rh3 54. Ke4 Be7 55. Nf4 Rb3 56. Nd5 Bh4 57. Kf5 Kc6 58. Ke6 Kc5 59. Kd7
Rb7+ 60. Kc8 Rb3 61. Kc7 Bg5 62. Kd7 Rb7+ 63. Kc8 Rb3 64. Kc7 h6 65. Kd7 Rb7+
66. Kc8 Rb3 67. Kc7 Kd4 68. Kxd6 Kd3 69. Rg2 Kxc4 70. Ke6 Kd4 71. Nc3 Rb6+ 72.
Kf5 Kd3 73. Nd1 Rf6+ 74. Ke5 Rb6 75. h3 Rb5+ 76. Ke6 Rb6+ 77. Kf5 Rf6+ 78. Kg4
Rf4+ 79. Kg3 Rb4 80. Nf2+ Kd4 81. h4 Bxh4+ 82. Kxh4 Rxb2 83. Kg3 Rb6 84. Rh2
Ra6 85. Kf4 Rf6+ 86. Kg3 Ra6 87. Ng4 Ra3+ 88. Kf4 Ra8 89. Nxh6 Rf8+ 90. Nf5+
Kd3 91. Rh3+ Kc4 92. Re3 Kc5 93. Re5+ Kc4 94. Ke4 Rd8 95. Re7 Kc5 96. Rc7+ Kb6
97. Rc1 Rd7 98. Ne3 Kb5 99. Nd5 Rd8 100. Kd4 Rh8 101. Rc5+ Ka6 102. Nc3 Rh4+
103. Ne4 Kb6 104. Rc1 Rh8 105. Nf6 Rd8+ 106. Ke5 Rd2 107. Nd5+ Kb5 108. Kd6 Rd3
109. Rb1+ Ka4 110. Rb4+ Ka3 111. Rb8 Rb3 112. Ra8+ Kb2 113. Kc5 Rh3 114. Rg8
Rh4 115. Rg3 Kc2 116. Nb6 Kd2 117. Nc4+ Ke2 118. Kb4 Kf2 119. Rc3 Ke2 120. Kb3
Kf2 121. Kc2 Rh8 122. Ne5 Re8 123. Ng4+ Kg2 124. Kd2 Re7 125. Ne3+ Kf2 126.
Nd1+ Kg2 127. Kc2 Rd7 128. Nb2 Kf2 129. Nc4 Rd8 130. Ne5 Kg2 131. Ng4 Kf1 132.
Rf3+ Kg2 133. Re3 Rd7 134. Ne5 Rd8 135. Nd3 Kh2 136. Kd2 Kg2 137. Ke2 Kh2
1/2-1/2

[Event "Hastings Centenary Masters"]
[Site "Hastings"]
[Date "1995.08.22"]
[Round "4"]
[White "James, David J"]
[Black "Pickersgill, Adrian O"]
[Result "1-0"]
[WhiteElo "2270"]
[BlackElo "2105"]
[PlyCount "55"]
[EventDate "1995.08.20"]
[EventType "swiss"]
[EventRounds "9"]
[EventCountry "ENG"]
[SourceTitle "BritBase"]
[Source "John Saunders"]
[SourceDate "2023.06.01"]
[SourceVersion "1"]
[SourceVersionDate "2023.06.01"]
[SourceQuality "1"]

1. d4 Nf6 2. c4 e6 3. Nc3 Bb4 4. Qc2 c5 5. dxc5 Nc6 6. Nf3 Bxc5 7. Bg5 h6 8.
Bh4 O-O 9. e3 Be7 10. Rd1 Qa5 11. e4 Rd8 12. Be2 d5 13. cxd5 exd5 14. e5 Ne4
15. Bxe7 Nxe7 16. O-O Nxc3 17. bxc3 Bf5 18. Qb3 Qc7 19. Rfe1 Rac8 20. Nd4 Bd7
21. Bd3 Kh8 22. e6 fxe6 23. Nxe6 Bxe6 24. Rxe6 Rd7 25. Rde1 Qxc3 26. Rxe7 Rxe7
27. Rxe7 Qd2 28. g3 1-0

[Event "Hastings Centenary Masters"]
[Site "Hastings"]
[Date "1995.08.22"]
[Round "4"]
[White "Khan, Kalimullah"]
[Black "McDonald, Neil R"]
[Result "0-1"]
[WhiteElo "2235"]
[BlackElo "2425"]
[PlyCount "76"]
[EventDate "1995.08.20"]
[EventType "swiss"]
[EventRounds "9"]
[EventCountry "ENG"]
[SourceTitle "BritBase"]
[Source "John Saunders"]
[SourceDate "2023.06.01"]
[SourceVersion "1"]
[SourceVersionDate "2023.06.01"]
[SourceQuality "1"]

1. d4 d5 2. Nc3 Nf6 3. Bg5 e6 4. e4 dxe4 5. Nxe4 Nbd7 6. Nf3 h6 7. Bxf6 Nxf6 8.
Bd3 Be7 9. O-O O-O 10. Qe2 Nd5 11. Qd2 Nb4 12. Bc4 b6 13. c3 Bb7 14. Rfe1 Nd5
15. Rad1 c5 16. dxc5 bxc5 17. Bb3 Qc7 18. c4 Nf6 19. Nc3 Bxf3 20. gxf3 Rad8 21.
Qe3 Bd6 22. Nb5 Qb6 23. Nxd6 Rxd6 24. Rxd6 Qxd6 25. Rd1 Qc7 26. Qd2 Qe5 27. Qe3
Qf5 28. Rd2 Nh5 29. Bc2 Qf6 30. f4 Nxf4 31. f3 g6 32. Qxc5 Qxb2 33. Qd6 Qc1+
34. Kf2 g5 35. c5 Qh1 36. Bh7+ Kg7 37. Be4 Qg2+ 38. Ke3 Qg1+ 0-1

[Event "Hastings Centenary Masters"]
[Site "Hastings"]
[Date "1995.08.22"]
[Round "4"]
[White "Kumaran, Dharshan"]
[Black "Jain, Naveen"]
[Result "1/2-1/2"]
[WhiteElo "2500"]
[BlackElo "2265"]
[PlyCount "93"]
[EventDate "1995.08.20"]
[EventType "swiss"]
[EventRounds "9"]
[EventCountry "ENG"]
[SourceTitle "BritBase"]
[Source "John Saunders"]
[SourceDate "2023.06.01"]
[SourceVersion "1"]
[SourceVersionDate "2023.06.01"]
[SourceQuality "1"]

1. d4 Nf6 2. c4 e6 3. Nc3 d5 4. cxd5 exd5 5. Bg5 Be7 6. e3 O-O 7. Bd3 Nbd7 8.
Nge2 b6 9. Ng3 g6 10. O-O Bb7 11. Rc1 c5 12. Nge2 Ne4 13. Bh6 Re8 14. dxc5
Nexc5 15. Bb1 Ne5 16. Nd4 Bf6 17. Bf4 Rc8 18. a4 Ne6 19. Nxe6 Rxe6 20. Nb5 a6
21. Nd4 Re7 22. Qb3 Nc4 23. Rcd1 Be5 24. Bxe5 Rxe5 25. Bd3 Qf6 26. Qa2 Re7 27.
b3 Ne5 28. Qe2 Nxd3 29. Qxd3 Rec7 30. Rd2 Qd6 31. Rfd1 Rc3 32. Qe2 Qb4 33. h4
h5 34. Rd3 R3c7 35. Qf3 Qe7 36. Qf4 Qe4 37. Qf6 Qe7 38. Qf4 Qe4 39. Qg3 Rc1 40.
Kh1 R1c7 41. f3 Qe7 42. f4 Re8 43. Qg5 a5 44. Nb5 Rc2 45. Qxe7 Rxe7 46. Nd4 Rc8
47. Nb5 1/2-1/2

[Event "Hastings Centenary Masters"]
[Site "Hastings"]
[Date "1995.08.22"]
[Round "4"]
[White "Mayers, Dan E"]
[Black "Bates, Richard A"]
[Result "0-1"]
[WhiteElo "2100"]
[BlackElo "2345"]
[PlyCount "108"]
[EventDate "1995.08.20"]
[EventType "swiss"]
[EventRounds "9"]
[EventCountry "ENG"]
[SourceTitle "BritBase"]
[Source "John Saunders"]
[SourceDate "2023.06.01"]
[SourceVersion "1"]
[SourceVersionDate "2023.06.01"]
[SourceQuality "1"]

1. e4 c5 2. d4 cxd4 3. c3 dxc3 4. Nxc3 Nc6 5. Bc4 d6 6. Nf3 a6 7. O-O Nf6 8.
Bf4 Bg4 9. Qb3 e6 10. Qxb7 Na5 11. Qb4 e5 12. Rad1 Rb8 13. Qa4+ Bd7 14. Qc2
Nxc4 15. Bg5 Be7 16. b3 Nb6 17. Qd3 Bc8 18. h3 Nbd7 19. Nh4 Nc5 20. Qe2 O-O 21.
f4 Qb6 22. Kh2 exf4 23. Rxf4 Be6 24. Nf5 Bxf5 25. Rxf5 Ncd7 26. e5 Nxe5 27.
Bxf6 Bxf6 28. Nd5 Qb5 29. Qh5 Bd8 30. Nf4 g6 31. Qh6 Nf3+ 32. gxf3 Qxf5 33. Rd5
Bg5 34. Qxg5 Qxg5 35. Rxg5 Rb5 36. Nd5 f6 37. Ne7+ Kf7 38. Rxb5 axb5 39. Nc6
Ra8 40. Nb4 Ke6 41. Kg3 Ke5 42. Kf2 g5 43. Ke3 h5 44. Nd3+ Ke6 45. Nb4 f5 46.
Kd4 h4 47. Ke3 d5 48. Kd4 g4 49. fxg4 fxg4 50. Nd3 gxh3 51. Nf4+ Kf5 52. Nxh3
Rxa2 53. Kxd5 Kg4 54. Ng1 Rg2 0-1

[Event "Hastings Centenary Masters"]
[Site "Hastings"]
[Date "1995.08.22"]
[Round "4"]
[White "McEwan, Ken B"]
[Black "Steffens, Olaf"]
[Result "1-0"]
[WhiteElo "2160"]
[BlackElo "2330"]
[PlyCount "81"]
[EventDate "1995.08.20"]
[EventType "swiss"]
[EventRounds "9"]
[EventCountry "ENG"]
[SourceTitle "BritBase"]
[Source "John Saunders"]
[SourceDate "2023.06.01"]
[SourceVersion "1"]
[SourceVersionDate "2023.06.01"]
[SourceQuality "1"]

1. e4 a6 2. d4 b5 3. Nf3 e6 4. Be3 Nf6 5. Bd3 Bb7 6. Nbd2 d5 7. e5 Nfd7 8. Bg5
Qc8 9. c3 c5 10. Rc1 Nc6 11. O-O Qc7 12. Bb1 Qb6 13. Nb3 c4 14. Na1 a5 15. a3
h6 16. Bh4 b4 17. axb4 axb4 18. Nc2 Na5 19. Ne3 Nb3 20. Rc2 Bc6 21. Re2 Ra1 22.
Nc2 Ra7 23. Ne3 g5 24. Bg3 Be7 25. Nd2 h5 26. f3 Ba4 27. Bc2 bxc3 28. bxc3 Rb7
29. Be1 Nf8 30. Ref2 Ng6 31. Bxg6 fxg6 32. f4 O-O 33. fxg5 Rxf2 34. Rxf2 Bxg5
35. Qf3 Kh7 36. Nef1 Qd8 37. Nxc4 Bb5 38. Nd6 Rb8 39. Qf7+ Kh6 40. Qxe6 Be8 41.
Rf8 1-0

[Event "Hastings Centenary Masters"]
[Site "Hastings"]
[Date "1995.08.22"]
[Round "4"]
[White "Menadue, Jeremy FS"]
[Black "O'Brien, Richard W"]
[Result "1-0"]
[WhiteElo "2255"]
[BlackElo "2100"]
[PlyCount "63"]
[EventDate "1995.08.20"]
[EventType "swiss"]
[EventRounds "9"]
[EventCountry "ENG"]
[SourceTitle "BritBase"]
[Source "John Saunders"]
[SourceDate "2023.06.01"]
[SourceVersion "1"]
[SourceVersionDate "2023.06.01"]
[SourceQuality "1"]

1. d4 d5 2. c4 e6 3. Nc3 Nf6 4. Bg5 Be7 5. cxd5 exd5 6. e3 O-O 7. Qc2 c6 8. Bd3
h6 9. Bh4 Na6 10. a3 Nc7 11. Nf3 Re8 12. O-O Ne6 13. b4 a6 14. Rab1 Nf8 15. a4
Ne4 16. Bxe7 Qxe7 17. Bxe4 dxe4 18. Nd2 Nh7 19. Qxe4 Be6 20. Qf4 Rad8 21. b5
axb5 22. axb5 c5 23. Nf3 Ng5 24. Rfd1 Nxf3+ 25. Qxf3 cxd4 26. exd4 Qd7 27. h3
Bf5 28. Rbc1 Re6 29. Na4 Be4 30. Qf4 f5 31. Nc5 Qd6 32. Nxe6 1-0

[Event "Hastings Centenary Masters"]
[Site "Hastings"]
[Date "1995.08.22"]
[Round "4"]
[White "Nataf, Igor Alexandre"]
[Black "Vianin, Pascal"]
[Result "1-0"]
[WhiteElo "2370"]
[BlackElo "2185"]
[PlyCount "109"]
[EventDate "1995.08.20"]
[EventType "swiss"]
[EventRounds "9"]
[EventCountry "ENG"]
[SourceTitle "BritBase"]
[Source "John Saunders"]
[SourceDate "2023.06.01"]
[SourceVersion "1"]
[SourceVersionDate "2023.06.01"]
[SourceQuality "1"]

1. e4 e5 2. Nf3 Nf6 3. d4 Nxe4 4. Bd3 d5 5. Nxe5 Bd6 6. O-O O-O 7. c4 Bxe5 8.
dxe5 Nc6 9. cxd5 Qxd5 10. Qc2 Nb4 11. Bxe4 Nxc2 12. Bxd5 Bf5 13. g4 Bxg4 14.
Bf4 Nxa1 15. Rc1 Rad8 16. Nc3 b5 17. Be4 b4 18. Nd5 Be6 19. Ne7+ Kh8 20. Nc6
Bd5 21. Bxd5 Rxd5 22. Rxa1 Rc5 23. Rc1 Rxc1+ 24. Bxc1 Re8 25. Bf4 f6 26. exf6
gxf6 27. Nxb4 Re2 28. Nd3 c5 29. Be3 c4 30. Nc1 Rxb2 31. Bxa7 Rb1 32. Be3 Kg7
33. Kg2 Kf7 34. Kf3 Ke6 35. Ke4 Rb4 36. Kd4 c3+ 37. Kxc3 Rh4 38. Nd3 Rxh2 39.
a4 Rh1 40. a5 Kd5 41. a6 Ra1 42. Nb4+ Kd6 43. Kb2 Ra4 44. Kb3 Ra5 45. Bb6 Rg5
46. a7 Rg8 47. Na6 Kc6 48. Bc7 Kb7 49. Bb8 h5 50. Nc7 Rxb8 51. axb8=Q+ Kxb8 52.
Ne8 f5 53. Ng7 h4 54. Nxf5 h3 55. Kc4 1-0

[Event "Hastings Centenary Masters"]
[Site "Hastings"]
[Date "1995.08.22"]
[Round "4"]
[White "Poldauf, Dirk"]
[Black "Atalik, Suat"]
[Result "0-1"]
[WhiteElo "2415"]
[BlackElo "2525"]
[PlyCount "94"]
[EventDate "1995.08.20"]
[EventType "swiss"]
[EventRounds "9"]
[EventCountry "ENG"]
[SourceTitle "BritBase"]
[Source "John Saunders"]
[SourceDate "2023.06.01"]
[SourceVersion "1"]
[SourceVersionDate "2023.06.01"]
[SourceQuality "1"]

1. c4 Nf6 2. Nc3 g6 3. g3 Bg7 4. Bg2 O-O 5. d4 d6 6. Nf3 Nc6 7. O-O Rb8 8. b3
a6 9. Bb2 b5 10. cxb5 axb5 11. Rc1 Bd7 12. Ne1 e6 13. e3 b4 14. Nb1 Rb6 15. Nd3
Qb8 16. Rc2 Rc8 17. Qd2 Nd5 18. Rfc1 f5 19. Qe2 Qa8 20. Ba1 Ra6 21. h4 Qa7 22.
Rd1 Nce7 23. Nc1 c5 24. Bb2 Rac6 25. dxc5 Rxc5 26. Rxc5 Qxc5 27. Bxg7 Kxg7 28.
Qb2+ Kf7 29. Nd3 Qc2 30. Qxc2 Rxc2 31. Rd2 Rc7 32. Bf1 e5 33. a3 e4 34. Nb2 Nc3
35. Rc2 Rc6 36. Nxc3 Rxc3 37. Rd2 bxa3 38. Nc4 d5 39. Nxa3 Rxb3 40. Ra2 Nc6 41.
Nb5 Rb1 42. Nc3 Rc1 43. Nxd5 Be6 44. Rd2 Ne5 45. Kg2 Nf3 46. Ra2 Bxd5 47. Ra7+
Kg8 0-1

[Event "Hastings Centenary Masters"]
[Site "Hastings"]
[Date "1995.08.22"]
[Round "4"]
[White "Saunders, John C"]
[Black "Chakraborty, Kumardip"]
[Result "1-0"]
[WhiteElo "2240"]
[BlackElo "1641"]
[PlyCount "57"]
[EventDate "1995.08.20"]
[EventType "swiss"]
[EventRounds "9"]
[EventCountry "ENG"]
[SourceTitle "BritBase"]
[Source "John Saunders"]
[SourceDate "2023.06.01"]
[SourceVersion "1"]
[SourceVersionDate "2023.06.01"]
[SourceQuality "1"]

1. c4 Nf6 2. Nc3 g6 3. Nf3 Bg7 4. g3 O-O 5. Bg2 d6 6. O-O c6 7. d3 e5 8. Rb1 a5
9. a3 Nbd7 10. b4 Qc7 11. b5 cxb5 12. Nxb5 Qb8 13. Be3 b6 14. Ng5 Ra6 15. h3 h6
16. Ne4 Nxe4 17. Bxe4 Kh7 18. Bg2 Nc5 19. Qd2 Bb7 20. Bxb7 Nxb7 21. Nc3 Nc5 22.
Nd5 Qc8 23. Kh2 Qc6 24. Rb5 e4 25. Rfb1 Rb8 26. Bxc5 dxc5 27. Qf4 Rb7 28. Qxe4
f5 29. Nf6+ 1-0

[Event "Hastings Centenary Masters"]
[Site "Hastings"]
[Date "1995.08.22"]
[Round "4"]
[White "Van Zyil Smit, Konrad"]
[Black "Connell, Blair N"]
[Result "0-1"]
[WhiteElo "2100"]
[BlackElo "2270"]
[PlyCount "49"]
[EventDate "1995.08.20"]
[EventType "swiss"]
[EventRounds "9"]
[EventCountry "ENG"]
[SourceTitle "BritBase"]
[Source "John Saunders"]
[SourceDate "2023.06.01"]
[SourceVersion "1"]
[SourceVersionDate "2023.06.01"]
[SourceQuality "1"]

1. e4 d5 2. exd5 Qxd5 3. Nc3 Qa5 4. d4 Nf6 5. Nf3 c6 6. Bd3 Bg4 7. Bd2 e6 8.
O-O Nbd7 9. Ne4 Qc7 10. Ng3 c5 11. c3 Qc6 12. Qe2 Bxf3 13. gxf3 a6 14. f4 g6
15. f5 gxf5 16. Nxf5 Rg8+ 17. Ng3 Bd6 18. Rac1 h5 19. h4 Qc7 20. Bg5 Bxg3 21.
fxg3 Qxg3+ 22. Kh1 Qh3+ 23. Qh2 Qxd3 24. Rcd1 Qe4+ 25. Kg1 0-1

[Event "Hastings Centenary Masters"]
[Site "Hastings"]
[Date "1995.08.22"]
[Round "4"]
[White "Ward, Christopher G"]
[Black "Wilson, Jonathan G"]
[Result "1-0"]
[WhiteElo "2500"]
[BlackElo "2245"]
[PlyCount "105"]
[EventDate "1995.08.20"]
[EventType "swiss"]
[EventRounds "9"]
[EventCountry "ENG"]
[SourceTitle "BritBase"]
[Source "John Saunders"]
[SourceDate "2023.06.01"]
[SourceVersion "1"]
[SourceVersionDate "2023.06.01"]
[SourceQuality "1"]

1. d4 f5 2. Bg5 g6 3. Nc3 d5 4. h4 Bg7 5. Nh3 c6 6. Qd3 Nh6 7. O-O-O Nf7 8. Qg3
Nxg5 9. hxg5 Qd6 10. Qxd6 exd6 11. Nf4 Kf7 12. e3 h6 13. gxh6 Rxh6 14. Bd3 Rxh1
15. Rxh1 Nd7 16. g4 Nf6 17. gxf5 gxf5 18. f3 Bd7 19. Nce2 Re8 20. Kd2 Ne4+ 21.
fxe4 fxe4 22. Bb5 cxb5 23. Nxd5 Bc6 24. Rf1+ Kg8 25. Nf6+ Bxf6 26. Rxf6 Rd8 27.
Nf4 d5 28. Rf5 a5 29. Ke2 b4 30. Kd2 Rd6 31. a3 Rh6 32. axb4 Rh2+ 33. Kc3 axb4+
34. Kb3 Kg7 35. Re5 Kf6 36. Nxd5+ Bxd5+ 37. Rxd5 Re2 38. Re5 Rxe3+ 39. Kxb4 Re2
40. Kc3 e3 41. Kd3 Rd2+ 42. Kc3 Re2 43. Kb3 Rd2 44. Rxe3 Rxd4 45. c4 Rd6 46.
Ka4 Rb6 47. b4 Kf7 48. c5 Rc6 49. Kb5 Rh6 50. Ra3 Ke8 51. Ra7 Rh7 52. Kb6 Rh4
53. b5 1-0